| LEADER 01174nam 2200277 a 4500 |
| 001 13399128034 |
| 003 ULIBM |
| 008 030417s2556 caua sb 001 0 tha |
| 099 ^aว ผม.มธ. 6 2556 |
| 100 0 ^aพรธวัล อวิรุตม์. |
| 245 10 ^aการเตรียมพื้นที่เมืองในกรุงเทพมหานครเพื่อรองรับการเคลื่อนย้ายแรงงานตามนโยบายการพัฒนาเมืองสู่ประชาคมเศรษฐกิจอาเซียน กรณีศึกษาย่านธุรกิจใจกลางเมืองสีลม กรุงเทพมหานคร =^bPreparing Bangkok urban areas for AEC economic development polices on manpower movement : Case study of central business district Silom, Bangkok Metropolitan /^cพรธวัล อวิรุตม์. |
| 246 14 ^aPreparing Bangkok urban areas for AEC economic development polices on manpower movement : Case study of central business district Silom, Bangkok Metropolitan. |
| 260 ^aปทุมธานี :^b มหาวิทยาลัยธรรมศาสตร์, ^c2556. |
| 300 ^aหน้าไม่เรียงลำดับ :^bภาพประกอบ,^c29 ซม. |
| 502 ^aสารนิพนธ์ การผังเมืองบัณฑิต, 2556. |
| 650 7 ^aแรงงาน^xกลุ่มประเทศอาเซียน^zสีลม^zไทย. |
| 650 7 ^aการพัฒนาทรัพยากรมนุษย์^xกลุ่มประเทศอาเซียน^zสีลม^zไทย. |
| 710 0 ^aจารุณี พิมลเสถียร, ^eอาจารย์ที่ปรึกษา. |
| 856 ^uhttps://digital.library.tu.ac.th/tu_dc/frontend/Info/item/dc:339131 ^zเอกสารฉบับเต็ม (ดูรายบทคลิกที่ Bookmarks) |
| 913 ^aImported by ULIBM Administrator |
| 949 ^aImport form external file by ULIBM system |